000 01464nam0a2200361 4500
001 RU\NLR\BIBL_A\011745168
005 20180716112820.0
010 _a978-5-17-108273-4
_93000
021 _aRU
_bКН-П-18-040886
_9КН-П-18-2946
035 _a(NLR Aleph) 011745168
035 _a(RuMoRGB)009652071
090 _a11598386
_c11598386
100 _a20180706d2018 e y0rusy50 ca
101 1 _arus
_ceng
102 _aRU
105 _ay|||z|||000ay
200 1 _aРомео и Джульетта
_aГамлет
_eпьесы
_e[для старшего школьного возраста]
_fУильям Шекспир
_g[пер. с англ. Б.Л. Пастернака]
210 _aМосква
_cАСТ
_d2018
215 _a349, [2] с.
_d21
225 1 _aШкольное чтение
_eШЧ
225 1 _aОдобрено лучшими учителями
300 _aНа обороте тит. л. также: Классика для школьников ISBN 978-5-17-108272-7
333 _a12+
686 _aШ9(2)72(4Вл)
_2rubbk
686 0 _aШ9(4Вл)62-6
700 1 _aШекспир
_bУ.
_f1564-1616
_gУильям
_3RU\NLR\AUTH\771995
702 1 _aПастернак
_bБ. Л.
_f1890-1960
_gБорис Леонидович
_3RU\NLR\AUTH\7737
_4730
942 _cBOOK
980 _aNBR
980 _aNB